Miasta w Polsce większe od jeziora Śniardwy - Statystyki

Ogólne statystyki
  • Ten quiz został rozwiązany 13 razy
  • Średni wynik to 19 z 24
Statystyki odpowiedzi
Powierzchnia km² Miasto Województwo % Poprawnych
683,0 Gdańsk Pomorskie
100%
261,9 Poznań Wielkopolskie
100%
391,5 Gdynia Pomorskie
92%
326,9 Kraków Małopolskie
92%
517,2 Warszawa Mazowieckie
92%
292,8 Wrocław Dolnośląskie
92%
176,0 Bydgoszcz Kujawsko-pomorskie
83%
164,7 Katowice Śląskie
83%
293,3 Łódź Łódzkie
83%
147,5 Lublin Lubelskie
83%
149,0 Opole Opolskie
83%
129,0 Rzeszów Podkarpackie
83%
300,6 Szczecin Zachodniopomorskie
83%
115,7 Toruń Kujawsko-pomorskie
83%
275,4 Zielona Góra Lubuskie
83%
124,5 Bielsko-Biała Śląskie
75%
159,7 Częstochowa Śląskie
75%
133,9 Gliwice Śląskie
75%
188,7 Dąbrowa Górnicza Śląskie
67%
123,7 Kędzierzyn-Koźle Opolskie
67%
148,3 Rybnik Śląskie
58%
202,1 Świnoujście Zachodniopomorskie
58%
152,4 Jaworzno Śląskie
33%
119,0 Krynica Morska Pomorskie
25%
Nie znaleziono quizów pasujących do podanych kryteriów
Rozkład punktacji
Procent ludzi z każdym wynikiem
Percentyl według liczby udzielonych odpowiedzi
Twoja historia wyników
Nie rozwiązałeś tego quizu